| 000 | 00972nam a22002777a 4500 | ||
|---|---|---|---|
| 999 |
_c12698 _d12698 |
||
| 003 | TR-AnCHP | ||
| 005 | 20190206134010.0 | ||
| 008 | 190206b tu ||||| |||| 00| 0 tur d | ||
| 020 | _a9754584125 | ||
| 040 |
_aTR-AnCHP _cTR-AnCHP |
||
| 041 | 0 | _atur | |
| 082 | 0 | 4 |
_a591.9 _bP51h 2012 |
| 100 | _aPicq, Pascal | ||
| 245 | 0 | 0 |
_aHayvanların en güzel tarihi _cPascal Picq, Jean-Pierre Digard, Boris Cyrulnik, Karine Lou Matignon ; çeviren Bertan Onaran |
| 260 |
_aİstanbul: _bTürkiye İş Bankası Kültür Yayınları, _c2012. |
||
| 300 |
_a191 s.: _c19 sm. |
||
| 490 | 0 |
_aTürkiye İş Bankası Kültür Yayınları _vgenel yayın 649. |
|
| 500 | _aÖzgün yapıt adı: La plus belle histoire des animaux | ||
| 650 | 0 | 0 |
_aHayvanlar _95133 _xTarih |
| 700 | 0 | 2 | _aPicq, Pascal G. |
| 700 | 2 |
_aDigard, Jean-Pierre _95134 |
|
| 700 | 2 |
_aCyrulnik, Boris _95135 |
|
| 700 | 2 |
_aMatignon, Karine Lou _95136 |
|
| 700 | 0 | 2 |
_aOnaran, Bertan _d1937- _eçev. |
| 942 |
_2ddc _cBKS |
||